[Event "Chigorin Memorial 28th"]
[Site "St Petersburg"]
[Date "2021.10.29"]
[Round "7"]
[White "Koval, Nikita O"]
[Black "Nuritdinov, Nizomitdin"]
[Result "1-0"]
[WhiteElo "1340"]
[BlackElo "1765"]
[PlyCount "103"]
[EventDate "2021.10.23"]
[EventType "swiss"]
[EventRounds "9"]
[EventCountry "RUS"]
[SourceTitle "EXT 2023"]
[Source "ChessBase"]
[SourceDate "2022.10.05"]
[SourceVersion "1"]
[SourceVersionDate "2022.10.05"]
[SourceQuality "1"]

1. e4 d6 2. d4 Nf6 3. Nc3 g6 4. Nf3 c6 5. Bg5 Bg7 6. Qd2 b5 7. a3 h5 8. Be2 a6 9. 0-0 Bb7 10. Rad1 Qc7 11. Rfe1 Nbd7 12. Qf4 e6 13. Qg3 e5 14. dxe5 dxe5 15. b4 0-0 16. Rd2 Rfe8 17. Red1 c5 18. Rd3 Rac8 19. Qh4 Re6 20. Nd5 Nxd5 21. exd5 Ree8 22. Ne1 cxb4 23. axb4 Qd6 24. c3 e4 25. Re3 Bxd5 26. Bf4 Qe6 27. g4 hxg4 28. Bxg4 f5 29. Bh3 Kf7 30. Qg3 Nb6 31. Bf1 Rc6 32. Nc2 Rec8 33. Nd4 Bxd4 34. Rxd4 Nd7 35. Qh4 Nf6 36. Bg5 Nh5 37. Be2 Rh8 38. f3 Rcc8 39. fxe4 Bxe4 40. Rdxe4 fxe4 41. Rxe4 Qf5 42. Re7+ Kg8 43. Bg4 Ng7 44. Bxf5 Rxh4 45. Bxc8 Rc4 46. Bf6 Nh5 47. Be6+ Kf8 48. Bxc4 bxc4 49. Re6 Kf7 50. Rxa6 Nxf6 51. b5 Nd5 52. b6 1-0

[Event "Wch U10 blitz"]
[Site "Minsk"]
[Date "2018.06.24"]
[Round "1"]
[White "Koval, Nikita O"]
[Black "Pingin, Artem"]
[Result "0-1"]
[WhiteElo "1193"]
[BlackElo "1741"]
[PlyCount "94"]
[EventDate "2018.06.24"]
[EventType "swiss (blitz)"]
[EventRounds "9"]
[EventCountry "BLR"]
[SourceTitle "EXT 2019"]
[Source "ChessBase"]
[SourceDate "2018.10.10"]
[SourceVersion "1"]
[SourceVersionDate "2018.10.10"]
[SourceQuality "1"]

1. d4 d5 2. c4 e6 3. Nc3 c6 4. Nf3 Nf6 5. Bg5 Nbd7 6. Ne5 h6 7. Nxd7 Bxd7 8. Bh4 Be7 9. e3 0-0 10. Bd3 Qb6 11. Qd2 a5 12. c5 Qd8 13. b3 Ne8 14. Bg3 b6 15. Na4 bxc5 16. Nxc5 Bxc5 17. dxc5 Qf6 18. 0-0 e5 19. Bc2 Qe7 20. Qd3 f5 21. Rac1 Nf6 22. Qd1 Kh8 23. Bb1 Ng8 24. Qd2 Qf6 25. Qb2 f4 26. exf4 exf4 27. Qxf6 Rxf6 28. Bh4 g5 29. Bxg5 hxg5 30. Rc3 Kg7 31. Rh3 Bxh3 32. gxh3 Nh6 33. Kg2 Nf5 34. Kf3 Nh6 35. Rg1 Nf7 36. h4 Kh6 37. hxg5+ Nxg5+ 38. Ke2 f3+ 39. Kd2 Ne4+ 40. Bxe4 dxe4 41. Ke3 Re8 42. Rg3 Rf5 43. Rg4 Rxc5 44. h4 Rc3+ 45. Kf4 e3 46. fxe3 f2 47. e4 f1Q# 0-1